BIBLIOTECA

SENCICO

Geometría contemporánea (curso integral) / (Registro nro. 67)

Detalles MARC
000 -LEADER
fixed length control field 01733nam a2200229Ia 4500
003 - CONTROL NUMBER IDENTIFIER
control field PE SENCICO BE
005 - DATE AND TIME OF LATEST TRANSACTION
control field 20251020182425.0
008 - FIXED-LENGTH DATA ELEMENTS--GENERAL INFORMATION
fixed length control field 200515s9999 xx 000 0 und d
040 ## - CATALOGING SOURCE
Original cataloging agency PE SENCICO BE
Transcribing agency PE SENCICO BE
041 ## - LANGUAGE CODE
Language code of text/sound track or separate title spa
082 ## - DEWEY DECIMAL CLASSIFICATION NUMBER
Classification number 516
Item number A45R
100 1# - MAIN ENTRY--PERSONAL NAME
Personal name Alva Gallegos, Fernando
9 (RLIN) 2150
Relator term autor
245 10 - TITLE STATEMENT
Title Geometría contemporánea (curso integral) /
Statement of responsibility, etc. Fernando Alva Gallegos
260 ## - PUBLICATION, DISTRIBUTION, ETC.
Place of publication, distribution, etc. Lima :
Name of publisher, distributor, etc. San Marcos ;
Date of publication, distribution, etc. sin año
300 ## - PHYSICAL DESCRIPTION
Extent 1091 p. :
Other physical details il., tbl., graf. ;
Dimensions 21 cm.
505 0# - FORMATTED CONTENTS NOTE
Formatted contents note Términos matemáticos -- Intersección de figuras planas -- Segmentos -- Angulos -- Triángulos -- Congruencia de tríangulos -- Polígonos -- Cuadriláteros -- Circunferencia -- Puntos notables de triángulos -- Líneas proporcionales -- Semejanza de triángulos -- Relaciones métricas en triángulos rectángulos -- Relaciones métricas en triángulos oblicuángulos -- Relaciones métricas en la circunferencia y potencia -- Polígonos regulares y longitud de la circunferencia -- Areas de las regiones planas -- Rectas y planos -- Rectas y planos. Perpendiculares -- Rectas y planos paralelos -- Angulos diedros -- Proyecciones en el espacio -- Simetría -- Angulos poliedros -- Poliedros -- Prisma y tronco de prisma -- Pirámide y tronco de prisma -- Pirámide y tronco de pirámide -- Cilindros y troncos de cilindros -- Cono y tronco de cono -- Esfera y teoremas de Pappus - Guldim -- Isometrías -- Introducción a la geometría analítica -- Vectores -- Máximos y mínimos en geometría -- Demostración de teoremas y propiedades en poliedros
650 10 - SUBJECT ADDED ENTRY--TOPICAL TERM
Topical term or geographic name entry element Geometría
9 (RLIN) 21
650 20 - SUBJECT ADDED ENTRY--TOPICAL TERM
Topical term or geographic name entry element Matemáticas
9 (RLIN) 2106
650 20 - SUBJECT ADDED ENTRY--TOPICAL TERM
Topical term or geographic name entry element Geometría analítica
9 (RLIN) 2105
650 20 - SUBJECT ADDED ENTRY--TOPICAL TERM
Topical term or geographic name entry element Triángulo
9 (RLIN) 2114
942 ## - ADDED ENTRY ELEMENTS (KOHA)
Koha item type Libros
Source of classification or shelving scheme Dewey Decimal Classification
Existencias
Fecha de la última vez que lo usaron Número de ingreso o de inventario Pago total Signatura topográfica completa Código de barras Precio efectivo desde Tipo de documento Estado perdido Sistema de clasificación Estado dañado No es para préstamo Retirado Ubicación permanente Ubicación actual Fecha de adquisición
15/05/2020 12524   516/A45R BibLima24040098 15/05/2020 Libros   Dewey Decimal Classification       Biblioteca Central Lima Biblioteca Central Lima 15/05/2020